000 01116 a2200217 4500
003 Nust
005 20221202110242.0
010 _a 89031737
020 _a0023287616
040 _cNust
082 0 0 _a539.2,DIA
100 1 _aDiament, Paul.
_961662
245 1 0 _aWave transmission and fiber optics /
_cPaul Diament.
260 _aNew York :
_bMacmillan,
_cc1990.
300 _axxii, 322 p. :
_bill. ;
_c24 cm.
505 _aIntroduction (Page-1), What Is Wave? (Page-2), Maxwell’s Equations (Page-21), Field Energetic (Page-39), Waves In The Frequency Domain (Page-50), Wave Dispersion And Complex Power (Page-69), Waves In Conducting Media (Page-94), Waves Across Interface (Page-111), Oblique Incidence (Page-145), Total Internal Reflection (Page-167), Transmission Lines (Page-181), Conducting Waveguides (Page-206), Dielectric Slab Waveguides (Page-233), Dielectric Cylinders And Optical Fibers (Page-256), Practical Versions Of Optical Fibers (Page-270).
650 0 _aElectromagnetic waves
_xTransmission.
650 0 _aFiber optics.
_958050
650 0 _aWaves.
_9103442
942 _2ddc
_cBK
_k539.2,DIA
999 _c184329
_d184329